Hadaiq-e-Bakhshish (Urdu) (Record no. 13119)

000 -LEADER
fixed length control field 00334nam a22001457a 4500
020 ## - INTERNATIONAL STANDARD BOOK NUMBER
International Standard Book Number -
082 ## - DEWEY DECIMAL CLASSIFICATION NUMBER
Classification number 297.63 AHM
100 ## - MAIN ENTRY--PERSONAL NAME
Personal name Ahmed Raza Khan Barelwi
245 ## - TITLE STATEMENT
Title Hadaiq-e-Bakhshish (Urdu)
260 ## - PUBLICATION, DISTRIBUTION, ETC.
Place of publication, distribution, etc. Lahore
Name of publisher, distributor, etc. Akbar Book Sallers
Date of publication, distribution, etc. 2004
300 ## - PHYSICAL DESCRIPTION
Extent 126 p.
500 ## - GENERAL NOTE
General note Includes index
650 ## - SUBJECT ADDED ENTRY--TOPICAL TERM
Topical term or geographic name entry element Hadees and Naat
942 ## - ADDED ENTRY ELEMENTS (KOHA)
Koha item type Book
Holdings
Withdrawn status Lost status Damaged status Not for loan Collection code Permanent Location Current Location Shelving location Date acquired Source of acquisition Total Checkouts Full call number Barcode Date last seen Price effective from Koha item type
          Central Library (CL) Central Library (CL) General Stacks 02/27/2015 Donation   297.63 AHM SEECSD01075 02/25/2015 02/25/2015 Book
© 2023 Central Library, National University of Sciences and Technology. All Rights Reserved.